Statistics for Country Nicknames #2

Click here to take the quiz!

General Stats

  • This quiz has been taken 11 times
  • The average score is 3 of 12

Answer Stats

CountryNickname% Correct
BelgiumChocolate
50%
CanadaMaple Syrup
50%
EgyptPyramids
50%
MongoliaGenghis Khan
25%
AustriaHitler
25%
GermanyNazis
25%
SwitzerlandAlps
13%
MexicoTaco
13%
IndiaCringy TikToks
0%
TurkeyErdogan
0%
BelarusMore Vodka
0%
GeorgiaStalin
0%

Score Distribution

Percentile by Number Answered

Percent of People with Each Score

Your Score History

You have not taken this quiz